[Event "Bremen Silvester op-A"]
[Site "Bremen"]
[Date "2022.12.30"]
[Round "7"]
[White "Roth, Thorsten"]
[Black "Mieck, Jale"]
[Result "1-0"]
[WhiteElo "2082"]
[BlackElo "1962"]
[PlyCount "70"]
[EventDate "2022.12.27"]
[EventType "swiss"]
[EventRounds "7"]
[EventCountry "GER"]
[SourceTitle "CBM 211 Extra"]
[Source "ChessBase"]
[SourceDate "2023.01.31"]
[SourceVersion "1"]
[SourceVersionDate "2023.01.31"]
[SourceQuality "1"]

1. d4 d5 2. c4 e6 3. Nf3 c6 4. g3 dxc4 5. Bg2 b5 6. Ne5 Bb7 7. 0-0 Nf6 8. Nc3 Qc8 9. e4 Nbd7 10. Nxd7 Qxd7 11. e5 Nd5 12. Ne4 0-0-0 13. Bg5 Re8 14. a3 Kb8 15. b3 cxb3 16. Qxb3 Nb6 17. Rfd1 h6 18. Bd2 Qxd4 19. Bb4 Qc4 20. Qf3 Bxb4 21. axb4 c5 22. Qxf7 Nc8 23. Nd6 Re7 24. Qxe7 Nxe7 25. Nxc4 Bxg2 26. Kxg2 bxc4 27. Rd7 Nd5 28. Rdxa7 cxb4 29. Ra8+ Kb7 30. Rxh8 c3 31. Rha8 b3 32. R8a3 b2 33. Rb1 Kc6 34. Rxc3+ Nxc3 35. Rxb2 Kd5 1-0

[Event "Blankenese op 1st"]
[Site "Hamburg"]
[Date "2017.10.03"]
[Round "2.9"]
[White "Bente, Bjoern"]
[Black "Mieck, Jale"]
[Result "1/2-1/2"]
[WhiteElo "2224"]
[BlackElo "1947"]
[PlyCount "63"]
[EventDate "2017.09.30"]
[EventType "swiss"]
[EventRounds "7"]
[EventCountry "GER"]
[SourceTitle "EXT 2020"]
[Source "ChessBase"]
[SourceDate "2019.10.17"]
[SourceVersion "1"]
[SourceVersionDate "2019.10.17"]
[SourceQuality "1"]

1. c4 Nc6 2. Nc3 e5 3. Nf3 Nf6 4. e3 Be7 5. d4 exd4 6. exd4 d5 7. Ne5 0-0 8. cxd5 Nb4 9. Bc4 Nbxd5 10. 0-0 Be6 11. Bd3 c5 12. dxc5 Nxc3 13. bxc3 Qd5 14. Qe2 Qxc5 15. Bb2 Rfe8 16. Bb5 Red8 17. a4 Qc7 18. Rfd1 Bd6 19. Nf3 Nd5 20. Qe4 Nf6 21. Qh4 Bg4 22. Be2 Re8 23. Bd3 Bxf3 24. gxf3 Rad8 25. c4 Be5 26. Bxe5 Qxe5 27. Rab1 Qh5 28. Qxh5 Nxh5 29. c5 Nf4 30. Be4 Rxd1+ 31. Rxd1 Ne6 32. Bxb7 1/2-1/2

[Event "Blankenese op 1st"]
[Site "Hamburg"]
[Date "2017.10.03"]
[Round "1.36"]
[White "Coriand, Helma"]
[Black "Mieck, Jale"]
[Result "0-1"]
[WhiteElo "1348"]
[BlackElo "1947"]
[PlyCount "74"]
[EventDate "2017.09.30"]
[EventType "swiss"]
[EventRounds "7"]
[EventCountry "GER"]
[SourceTitle "EXT 2020"]
[Source "ChessBase"]
[SourceDate "2019.10.17"]
[SourceVersion "1"]
[SourceVersionDate "2019.10.17"]
[SourceQuality "1"]

1. e4 c5 2. Nf3 d6 3. d4 cxd4 4. c3 Nf6 5. Bd3 dxc3 6. Nxc3 g6 7. 0-0 Bg7 8. Re1 Nc6 9. Bc4 0-0 10. e5 dxe5 11. Qxd8 Rxd8 12. Nxe5 Nxe5 13. Rxe5 Kf8 14. Bf4 Nh5 15. Rxh5 gxh5 16. Rb1 Bf5 17. Re1 Rac8 18. Bb3 e6 19. Nb5 Bxb2 20. Nd6 Rc6 21. Nxf5 exf5 22. g3 h4 23. Kg2 Bf6 24. Bh6+ Kg8 25. Bf4 hxg3 26. hxg3 Kg7 27. Re2 Kg6 28. Kh3 h5 29. Bc2 b5 30. f3 Rc3 31. Rf2 a5 32. Bb1 b4 33. Kg2 Bg5 34. Be5 Rc5 35. Bb2 Rd1 36. Rf1 Rxf1 37. Kxf1 Bf6 0-1

[Event "Blankenese op 1st"]
[Site "Hamburg"]
[Date "2017.10.03"]
[Round "6.14"]
[White "Mueller, Tobias"]
[Black "Mieck, Jale"]
[Result "1-0"]
[WhiteElo "2128"]
[BlackElo "1947"]
[PlyCount "80"]
[EventDate "2017.09.30"]
[EventType "swiss"]
[EventRounds "7"]
[EventCountry "GER"]
[SourceTitle "EXT 2020"]
[Source "ChessBase"]
[SourceDate "2019.10.17"]
[SourceVersion "1"]
[SourceVersionDate "2019.10.17"]
[SourceQuality "1"]

1. c4 Nc6 2. g3 e5 3. Bg2 Nf6 4. Nc3 Bb4 5. e4 d6 6. Nge2 0-0 7. 0-0 Bc5 8. h3 Nd4 9. Kh2 c6 10. f4 Qe7 11. d3 Rb8 12. a4 Bd7 13. Rb1 a5 14. fxe5 Qxe5 15. Nxd4 Bxd4 16. Ne2 Bg4 17. Bf3 Bxf3 18. Rxf3 Ba7 19. Bd2 d5 20. Rf5 Qd6 21. Bf4 Qd7 22. Bxb8 Bxb8 23. cxd5 cxd5 24. Nc3 Qd6 25. Qf3 dxe4 26. dxe4 h5 27. e5 Qd2+ 28. Kh1 h4 29. Rg1 Re8 30. gxh4 Rxe5 31. Rxe5 Bxe5 32. Qg2 Qxg2+ 33. Rxg2 Bxc3 34. bxc3 Nd5 35. Rg5 Nxc3 36. Rxa5 Kf8 37. Kg2 Ke8 38. Kf3 b6 39. Ra7 b5 40. a5 b4 1-0

[Event "Lueneburg op"]
[Site "Lueneburg"]
[Date "2014.08.12"]
[Round "4"]
[White "Mieck, Jale"]
[Black "Bokelmann, Joachim"]
[Result "0-1"]
[WhiteElo "1776"]
[BlackElo "2065"]
[PlyCount "40"]
[EventDate "2014.08.09"]
[EventType "swiss"]
[EventRounds "9"]
[EventCountry "GER"]
[SourceTitle "CBM 161 Extra"]
[Source "ChessBase"]
[SourceDate "2014.08.29"]
[SourceVersion "1"]
[SourceVersionDate "2014.08.29"]
[SourceQuality "1"]

1. e4 c6 2. d4 d5 3. f3 g6 4. c3 Bg7 5. Bf4 Qb6 6. Qd2 Be6 7. Bd3 Nf6 8. Ne2 0-0 9. h4 dxe4 10. fxe4 Bg4 11. Na3 Nbd7 12. Nc4 Qd8 13. Ne3 Bxe2 14. Qxe2 e5 15. Bg5 exd4 16. cxd4 Qa5+ 17. Kf2 h6 18. Bxf6 Nxf6 19. g4 Rfe8 20. Nc4 Qd8 0-1

[Event "Schleswig Holstein-ch U16"]
[Site "Neumuenster"]
[Date "2014.04.23"]
[Round "4"]
[White "Mieck, Jale"]
[Black "Krause, Benedict"]
[Result "0-1"]
[WhiteElo "1748"]
[BlackElo "2250"]
[PlyCount "70"]
[EventDate "2014.04.??"]
[EventType "swiss"]
[EventRounds "9"]
[EventCountry "GER"]
[SourceTitle "EXT 2022"]
[Source "ChessBase"]
[SourceDate "2021.10.06"]
[SourceVersion "1"]
[SourceVersionDate "2021.10.06"]
[SourceQuality "1"]

1. e4 c6 2. Nc3 d5 3. Nf3 Bg4 4. h3 Bxf3 5. Qxf3 e6 6. d3 Nd7 7. Bd2 Ngf6 8. g4 g6 9. 0-0-0 Bg7 10. g5 Nh5 11. exd5 cxd5 12. Qg2 0-0 13. h4 Rc8 14. d4 Bxd4 15. Be2 Bg7 16. Bxh5 gxh5 17. Kb1 Qb6 18. Qg3 d4 19. Ne4 Qc6 20. Nf6+ Kh8 21. Rc1 Nxf6 22. gxf6 Bxf6 23. Bg5 e5 24. Rhe1 Rce8 25. f4 e4 26. Qb3 e3 27. Bh6 Rg8 28. Qxf7 Rg6 29. Bg5 Bxg5 30. fxg5 e2 31. Qf2 Qe4 32. a3 Qe5 33. Ka1 Rb6 34. Qf3 d3 35. Rb1 dxc2 0-1

[Event "GER-chT Lands U20"]
[Site "Hannover"]
[Date "2013.10.05"]
[Round "6.4"]
[White "Mieck, Jale"]
[Black "Keller, Peter1111"]
[Result "0-1"]
[WhiteElo "1768"]
[BlackElo "1985"]
[PlyCount "58"]
[EventDate "2013.10.02"]
[EventType "team-swiss"]
[EventRounds "7"]
[EventCountry "GER"]
[SourceTitle "EXT 2014"]
[Source "ChessBase"]
[SourceDate "2013.11.20"]
[SourceVersion "1"]
[SourceVersionDate "2013.11.20"]
[SourceQuality "1"]
[WhiteTeam "Team Nord"]
[BlackTeam "Hessen"]
[WhiteTeamCountry "GER"]
[BlackTeamCountry "GER"]

1. e4 c5 2. Nf3 e6 3. d4 cxd4 4. Nxd4 Nc6 5. Nc3 Qc7 6. Nxc6 bxc6 7. Bd3 Nf6 8. Bg5 Be7 9. 0-0 d6 10. Re1 e5 11. Na4 0-0 12. c4 Be6 13. Rc1 Rac8 14. b3 Qb8 15. Nc3 Rfd8 16. Bb1 h6 17. Be3 d5 18. exd5 Ba3 19. Rc2 Bb4 20. Qf3 cxd5 21. Bxh6 e4 22. Qe2 gxh6 23. Rd1 Qe5 24. Nxd5 Bxd5 25. cxd5 Rxc2 26. Qxc2 Rxd5 27. h3 Rxd1+ 28. Qxd1 Bd6 29. Kh1 Qh2# 0-1

[Event "GER-chT Lands U20"]
[Site "Hannover"]
[Date "2013.10.03"]
[Round "3.4"]
[White "Schmekel, Florian"]
[Black "Mieck, Jale"]
[Result "0-1"]
[WhiteElo "1809"]
[BlackElo "1768"]
[PlyCount "118"]
[EventDate "2013.10.02"]
[EventType "team-swiss"]
[EventRounds "7"]
[EventCountry "GER"]
[SourceTitle "EXT 2014"]
[Source "ChessBase"]
[SourceDate "2013.11.20"]
[SourceVersion "1"]
[SourceVersionDate "2013.11.20"]
[SourceQuality "1"]
[WhiteTeam "Mecklenburg Vorpommern"]
[BlackTeam "Team Nord"]
[WhiteTeamCountry "GER"]
[BlackTeamCountry "GER"]

1. d4 d5 2. c4 c6 3. cxd5 cxd5 4. Nc3 e6 5. Bf4 Nf6 6. e3 Bd6 7. Bxd6 Qxd6 8. Nf3 a6 9. Bd3 Nc6 10. a3 0-0 11. 0-0 b5 12. b4 h6 13. Qc2 Bb7 14. Nd2 Ng4 15. g3 e5 16. Bf5 Bc8 17. Ne2 e4 18. Bxc8 Raxc8 19. Qa2 f5 20. Nf4 Rfd8 21. Rac1 g5 22. Ng2 Kh7 23. Rc5 Rc7 24. Rfc1 Nf6 25. Qb3 Rg8 26. f4 Rgc8 27. a4 Na7 28. Rxc7+ Rxc7 29. Rc5 Rxc5 30. bxc5 Qc6 31. axb5 Nxb5 32. Qb4 Ne8 33. Nb3 Nec7 34. Qa5 Kg7 35. Qb6 Qf6 36. c6 Qd6 37. Nc5 a5 38. Nb7 Qa3 39. Qxa5 Qc1+ 40. Qe1 Qxc6 41. Nc5 Na6 42. Nxa6 Qxa6 43. fxg5 hxg5 44. h4 gxh4 45. gxh4 Qg6 46. Qb4 Nd6 47. Qc5 Nc4 48. Kf2 Qg4 49. Qe7+ Kh8 50. Qd8+ Kh7 51. Qc7+ Kh8 52. Qf4 Nxe3 53. Qxe3 Qd1 54. Qh6+ Kg8 55. Qe6+ Kh8 56. Qe5+ Kh7 57. Qxf5+ Kg7 58. Qg5+ Kh7 59. Qh5+ Qxh5 0-1

[Event "Kiel Cup U20"]
[Site "Kiel"]
[Date "2012.10.05"]
[Round "4"]
[White "Mieck, Jale"]
[Black "Dreessen, Jakob"]
[Result "1/2-1/2"]
[WhiteElo "1646"]
[BlackElo "1811"]
[PlyCount "44"]
[EventDate "2012.10.??"]
[EventType "swiss"]
[EventRounds "7"]
[EventCountry "GER"]
[SourceTitle "EXT 2015"]
[Source "ChessBase"]
[SourceDate "2014.11.20"]
[SourceVersion "1"]
[SourceVersionDate "2014.11.20"]
[SourceQuality "1"]

1. f4 c5 2. Nc3 Nc6 3. Nf3 g6 4. e4 Bg7 5. g3 e6 6. Bg2 Nge7 7. 0-0 0-0 8. Ne2 d5 9. e5 Rb8 10. g4 f5 11. gxf5 Nxf5 12. Ng3 Nh4 13. Nxh4 Qxh4 14. d3 b6 15. c3 Bb7 16. Be3 Ne7 17. d4 cxd4 18. cxd4 Nf5 19. Nxf5 Rxf5 20. Rf3 Qe7 21. a3 Ba6 22. Bd2 Qd7 1/2-1/2

[Event "Schleswig Holstein-ch U16 Vormeister"]
[Site "Neumuenster"]
[Date "2011.04.27"]
[Round "4.3"]
[White "Mieck, Jale"]
[Black "Henschen, Patrick"]
[Result "1/2-1/2"]
[WhiteElo "1442"]
[BlackElo "1405"]
[PlyCount "65"]
[EventDate "2011.04.25"]
[EventType "swiss"]
[EventRounds "9"]
[EventCountry "GER"]
[SourceTitle "EXT 2022"]
[Source "ChessBase"]
[SourceDate "2021.10.06"]
[SourceVersion "1"]
[SourceVersionDate "2021.10.06"]
[SourceQuality "1"]

1. e4 c5 2. Nf3 e6 3. d4 cxd4 4. Nxd4 a6 5. Be3 Qc7 6. Qd2 Nf6 7. f3 d5 8. exd5 Nxd5 9. c3 Bc5 10. Bf2 0-0 11. Bg3 Qb6 12. Na3 Bxa3 13. bxa3 Rd8 14. Be2 Nxc3 15. Qxc3 Qxd4 16. Be5 Qxc3+ 17. Bxc3 Nc6 18. Kf2 b5 19. Rac1 Bb7 20. Bb4 a5 21. Bxb5 axb4 22. Bxc6 Bxc6 23. Rxc6 Rxa3 24. Rc2 g6 25. Rb1 Rc3 26. Rxc3 bxc3 27. Rc1 Rd2+ 28. Kg3 c2 29. a4 Rd4 30. Rxc2 Rxa4 31. Rc8+ Kg7 32. Rc3 f5 33. Rc7+ 1/2-1/2

[Event "Schleswig Holstein-ch U12"]
[Site "Neumuenster"]
[Date "2008.03.27"]
[Round "3"]
[White "Gustmann, Maximilian"]
[Black "Mieck, Jale"]
[Result "1/2-1/2"]
[WhiteElo "1235"]
[BlackElo "950"]
[PlyCount "48"]
[EventDate "2008.03.26"]
[EventType "swiss"]
[EventRounds "9"]
[EventCountry "GER"]
[SourceTitle "EXT 2009"]
[Source "ChessBase"]
[SourceDate "2008.11.26"]
[SourceVersion "1"]
[SourceVersionDate "2008.11.26"]
[SourceQuality "1"]

1. e4 e5 2. Nf3 Nc6 3. d4 exd4 4. Nxd4 Nxd4 5. Qxd4 Nf6 6. Nc3 h6 7. Bc4 b6 8. Bf4 Bc5 9. Qd2 Bb7 10. f3 Bb4 11. a3 Bc5 12. Nb5 d6 13. b4 a6 14. Nc3 b5 15. Bxb5+ axb5 16. bxc5 dxc5 17. Qxd8+ Rxd8 18. Nxb5 0-0 19. Nxc7 Rc8 20. Rb1 Bc6 21. Ke2 Nh5 22. Bd6 Rfd8 23. Rhd1 Ba4 24. Rb2 Rxc7 1/2-1/2

[Event "Schleswig Holstein-ch U12"]
[Site "Neumuenster"]
[Date "2008.03.27"]
[Round "4"]
[White "Mieck, Jale"]
[Black "Semper, Ronny"]
[Result "1/2-1/2"]
[WhiteElo "950"]
[BlackElo "868"]
[PlyCount "40"]
[EventDate "2008.03.26"]
[EventType "swiss"]
[EventRounds "9"]
[EventCountry "GER"]
[SourceTitle "EXT 2009"]
[Source "ChessBase"]
[SourceDate "2008.11.26"]
[SourceVersion "1"]
[SourceVersionDate "2008.11.26"]
[SourceQuality "1"]

1. e4 e5 2. Nf3 Nc6 3. Bc4 Nf6 4. Nc3 Bc5 5. d3 d6 6. h3 h6 7. a3 0-0 8. 0-0 Be6 9. Bxe6 fxe6 10. Na4 Nd7 11. Nxc5 Nxc5 12. Be3 Nd7 13. Qd2 Qf6 14. Nh2 h5 15. Qe2 Qg6 16. c3 d5 17. exd5 exd5 18. Nf3 Qf6 19. Nh2 Qg6 20. d4 e4 1/2-1/2